| 000 | 00974nam0a22002651 4500 | ||
|---|---|---|---|
| 001 | rc\4539969 | ||
| 005 | 20130416182706.3 | ||
| 021 |
_aRU _bРг3990-61 |
||
| 035 | _a(NLR Aleph) 008359880 | ||
| 090 |
_a8991452 _c8991452 |
||
| 100 | _a20130416d1959 |||y0rusy50 ca | ||
| 101 | 0 | _arus | |
| 102 | _aRU | ||
| 105 | _aa z ||||| | ||
| 200 | 1 |
_aСлесарь-рационализатор В.М. Торяник _e(Меховая ф-ка № 1) _fУССР. Совет нар. хозяйства Харьковск. экон. адм. района. БТИ |
|
| 210 |
_aХарьков _cБ. и. _d1959 |
||
| 215 |
_a[4] с. _cчерт. _d22 |
||
| 225 | 1 | _aОпыт изобретателей и рационализаторов производства | |
| 700 | 1 |
_aКоган _bП. Е. _gПавел Ефимович |
|
| 702 | 1 |
_aТоряник _bВ. М. _4570 |
|
| 801 | 0 |
_aRU _bNLR _gpsbo |
|
| 801 | 1 |
_aRU _bELAR _2rusmarc |
|
| 852 |
_aNLR _j60-6/9946-10 |
||
| 942 | _cBOOK | ||
| 980 | _aNB | ||